[Event "National Capital op"]
[Site "Ottawa"]
[Date "2015.10.25"]
[Round "4"]
[White "Wan, Kevin"]
[Black "Brown, Gabriel"]
[Result "1-0"]
[WhiteElo "2325"]
[BlackElo "1983"]
[PlyCount "137"]
[EventDate "2015.10.23"]
[EventType "swiss"]
[EventRounds "5"]
[EventCountry "CAN"]
[SourceTitle "EXT 2019"]
[Source "ChessBase"]
[SourceDate "2018.10.10"]
[SourceVersion "1"]
[SourceVersionDate "2018.10.10"]
[SourceQuality "1"]

1. e4 c5 2. Nf3 d6 3. d4 cxd4 4. Nxd4 Nf6 5. Nc3 a6 6. Be3 e5 7. Nf3 Be7 8. Bc4 Qc7 9. Qd3 0-0 10. 0-0-0 b5 11. Bd5 Nc6 12. Bxc6 Qxc6 13. Bg5 Rd8 14. Bxf6 Bxf6 15. Nd5 Be6 16. g4 Bxd5 17. Qxd5 Rac8 18. Rd2 Qxd5 19. Rxd5 Rc4 20. Re1 h6 21. Re3 Kf8 22. b3 Rc6 23. c3 Ke7 24. Red3 Rdc8 25. Kb2 Ke6 26. h3 Be7 27. Ne1 Bh4 28. Rf3 Rc5 29. Ng2 Bd8 30. Rd2 a5 31. Rfd3 R5c6 32. Rd1 b4 33. c4 Bb6 34. Ne3 Bxe3 35. Rxe3 a4 36. Rd5 axb3 37. axb3 Ra8 38. Rb5 Rca6 39. Rxb4 Ra2+ 40. Kc3 Rxf2 41. Rb6 Raa2 42. Rd3 Rac2+ 43. Kb4 Rce2 44. Rdxd6+ Ke7 45. Kc5 Rxe4 46. Rb7+ Ke8 47. Rb8+ Ke7 48. Rb7+ Ke8 49. Rc6 Rd4 50. b4 Rfd2 51. Rcc7 Rf4 52. Re7+ Kd8 53. Rxf7 Rxf7 54. Rxf7 e4 55. Rf4 e3 56. Re4 e2 57. b5 Kd7 58. Kb4 Kd6 59. Kc3 Ra2 60. Kd3 Kc5 61. Re5+ Kd6 62. Rxe2 Ra3+ 63. Kd4 Rxh3 64. c5+ Kd7 65. c6+ Kd8 66. Kc5 h5 67. Kb6 Rc3 68. Kb7 hxg4 69. Rd2+ 1-0

[Event "National Capital op"]
[Site "Ottawa"]
[Date "2015.10.25"]
[Round "5"]
[White "Wan, Kevin"]
[Black "Simic, Dusan"]
[Result "1-0"]
[WhiteElo "2325"]
[BlackElo "2133"]
[PlyCount "81"]
[EventDate "2015.10.23"]
[EventType "swiss"]
[EventRounds "5"]
[EventCountry "CAN"]
[SourceTitle "EXT 2019"]
[Source "ChessBase"]
[SourceDate "2018.10.10"]
[SourceVersion "1"]
[SourceVersionDate "2018.10.10"]
[SourceQuality "1"]

1. e4 c5 2. Nf3 e6 3. d4 cxd4 4. Nxd4 Nc6 5. Nc3 Qc7 6. Be2 Nf6 7. 0-0 a6 8. a3 Nxd4 9. Qxd4 Bd6 10. g3 Be5 11. Qd3 0-0 12. Bd2 d5 13. exd5 exd5 14. Nd1 Bh3 15. Re1 Rfd8 16. f4 Bd6 17. Nf2 Bd7 18. Bc3 Ne4 19. Bd4 Bc5 20. c3 f5 21. Nxe4 fxe4 22. Qe3 Rac8 23. Red1 Be6 24. Bxc5 Qxc5 25. Qxc5 Rxc5 26. Rd4 Rcc8 27. Kf2 Kf8 28. Rad1 Ke7 29. Ke3 g6 30. c4 dxc4 31. Rxd8 Rxd8 32. Rxd8 Kxd8 33. Kxe4 b5 34. Kd4 Kc7 35. Kc5 Bf5 36. a4 Bd3 37. Bd1 Bf1 38. axb5 axb5 39. Bf3 Kd8 40. Bc6 Ke7 41. Bxb5 1-0

[Event "RA Fall op"]
[Site "Ottawa"]
[Date "2015.09.18"]
[Round "1"]
[White "Yao, Sammy"]
[Black "Wan, Kevin"]
[Result "0-1"]
[WhiteElo "2036"]
[BlackElo "2325"]
[PlyCount "106"]
[EventDate "2015.09.18"]
[EventType "swiss"]
[EventRounds "5"]
[EventCountry "CAN"]
[SourceTitle "EXT 2019"]
[Source "ChessBase"]
[SourceDate "2018.10.10"]
[SourceVersion "1"]
[SourceVersionDate "2018.10.10"]
[SourceQuality "1"]

1. c4 e6 2. g3 d5 3. Bg2 Nf6 4. Nf3 c6 5. Qc2 Nbd7 6. d4 Bb4+ 7. Nbd2 0-0 8. 0-0 b6 9. e4 dxe4 10. Nxe4 Bb7 11. Ne5 Nxe5 12. dxe5 Nxe4 13. Bxe4 h6 14. Qa4 Bc5 15. Bxc6 Bxc6 16. Qxc6 Qd4 17. Qb5 Qxe5 18. Bf4 Qe2 19. Kg2 Bd4 20. Bd6 Rfc8 21. Ba3 Qxc4 22. Qh5 Qc2 23. Rac1 Qxc1 24. Rxc1 Rxc1 25. Qg4 e5 26. f3 Rc2+ 27. Kh3 Rac8 28. Qd7 R2c7 29. Qd5 Rc2 30. f4 Bxb2 31. Bxb2 Rxb2 32. fxe5 Re8 33. a4 Re2 34. Qb7 R2xe5 35. Qxa7 R8e6 36. Qb8+ Kh7 37. Qc7 Rh5+ 38. Kg2 Rf6 39. h4 Rc5 40. Qd7 h5 41. Qd3+ g6 42. Qb3 Rcf5 43. Qe3 Kg7 44. Qc3 Rf2+ 45. Kh3 Ra2 46. Qd4 Raf2 47. Qe5 Kh7 48. Qd4 Rf1 49. Qd8 R6f2 50. Qd5 Ra1 51. Qe4 Raa2 52. Qh1 Rxa4 53. Qd5 Raa2 0-1

[Event "CAN-ch"]
[Site "Guelph"]
[Date "2015.07.12"]
[Round "5"]
[White "Wan, Kevin"]
[Black "Song, Guannan Terry"]
[Result "1-0"]
[WhiteElo "2196"]
[BlackElo "1988"]
[PlyCount "59"]
[EventDate "2015.07.10"]
[EventType "swiss"]
[EventRounds "9"]
[EventCountry "CAN"]
[SourceTitle "CBM 167 Extra"]
[Source "ChessBase"]
[SourceDate "2015.09.14"]
[SourceVersion "1"]
[SourceVersionDate "2015.09.14"]
[SourceQuality "1"]

1. e4 c5 2. Nf3 d6 3. d4 cxd4 4. Nxd4 Nf6 5. Nc3 a6 6. h3 e5 7. Nf3 Qc7 8. Be3 Be7 9. Qd2 h6 10. a4 Be6 11. Nd5 Nxd5 12. exd5 Bf5 13. c4 Nd7 14. Bd3 Bxd3 15. Qxd3 0-0 16. g4 Rfc8 17. Nd2 b5 18. cxb5 axb5 19. Qxb5 Rab8 20. Qd3 Rxb2 21. 0-0 Bg5 22. Bxg5 hxg5 23. Ne4 Nc5 24. Nxc5 Qxc5 25. a5 Qa7 26. a6 Rcc2 27. Qf5 Qe3 28. Qxc2 Qxh3 29. Qe4 f5 30. Qg2 1-0

[Event "CAN-ch"]
[Site "Guelph"]
[Date "2015.07.10"]
[Round "1"]
[White "Wan, Kevin"]
[Black "Sambuev, Bator"]
[Result "0-1"]
[WhiteElo "2196"]
[BlackElo "2532"]
[PlyCount "96"]
[EventDate "2015.07.10"]
[EventType "swiss"]
[EventRounds "9"]
[EventCountry "CAN"]
[SourceTitle "CBM 167 Extra"]
[Source "ChessBase"]
[SourceDate "2015.09.14"]
[SourceVersion "1"]
[SourceVersionDate "2015.09.14"]
[SourceQuality "1"]

1. e4 Nf6 2. e5 Nd5 3. d4 d6 4. Nf3 Bg4 5. Be2 c6 6. 0-0 Bxf3 7. Bxf3 dxe5 8. dxe5 e6 9. c4 Ne7 10. Qxd8+ Kxd8 11. Be4 Nd7 12. f4 Nf5 13. Nc3 Kc7 14. b3 h5 15. Bxf5 exf5 16. Be3 Bc5 17. Kf2 Rhe8 18. Bxc5 Nxc5 19. Rad1 Rad8 20. g3 a5 21. Kf3 a4 22. Nxa4 Nxa4 23. bxa4 Ra8 24. Rd2 Rxa4 25. Rc1 Ra3+ 26. Kg2 Rd8 27. Rdc2 h4 28. Kh3 Rh8 29. Kg2 h3+ 30. Kf2 Rha8 31. Ra1 Rd8 32. Rb1 b6 33. Ke2 Rd4 34. Rb3 Ra4 35. Rbc3 f6 36. exf6 gxf6 37. Ke3 Re4+ 38. Kf3 Re1 39. Rb2 Ra1 40. Rcb3 R1xa2 41. Rxb6 R4a3+ 42. Kf2 Kd6 43. Rb8 Kc5 44. Rxa2 Rxa2+ 45. Kf3 Rxh2 46. Rf8 Rh1 47. Rh8 Kxc4 48. Kf2 c5 0-1

[Event "Outaouais op (TORO)"]
[Site "Gatineau"]
[Date "2015.06.07"]
[Round "5"]
[White "Hebert, Jean"]
[Black "Wan, Kevin"]
[Result "1/2-1/2"]
[WhiteElo "2476"]
[BlackElo "2266"]
[PlyCount "75"]
[EventDate "2015.06.05"]
[EventType "swiss"]
[EventRounds "5"]
[EventCountry "CAN"]
[SourceTitle "EXT 2019"]
[Source "ChessBase"]
[SourceDate "2018.10.10"]
[SourceVersion "1"]
[SourceVersionDate "2018.10.10"]
[SourceQuality "1"]

1. c4 e6 2. d4 Nf6 3. Nc3 d5 4. Bg5 Nbd7 5. cxd5 exd5 6. e3 Be7 7. Bd3 c6 8. Qc2 0-0 9. Nf3 Re8 10. 0-0 h6 11. Bf4 Nf8 12. h3 Ne6 13. Be5 b6 14. Rad1 Bb7 15. a3 Rc8 16. Rfe1 Bd6 17. Bf5 Bxe5 18. dxe5 Nd7 19. e4 Qc7 20. exd5 cxd5 21. Qd2 d4 22. Nb5 Qc5 23. Nbxd4 Ndf8 24. Rc1 Qe7 25. Rxc8 Rxc8 26. Be4 Rd8 27. Qe3 Bxe4 28. Qxe4 Qd7 29. Nf5 Ng6 30. Ne3 Nc5 31. Qc4 Qe7 32. Nd5 Qe6 33. Ne3 Nxe5 34. Nxe5 Qxe5 35. b4 Ne6 36. Rc1 a5 37. Rb1 b5 38. Qe2 1/2-1/2

[Event "Outaouais op (TORO)"]
[Site "Gatineau"]
[Date "2015.06.07"]
[Round "4"]
[White "Wan, Kevin"]
[Black "Zhou, Qiyu"]
[Result "1-0"]
[WhiteElo "2266"]
[BlackElo "2242"]
[PlyCount "117"]
[EventDate "2015.06.05"]
[EventType "swiss"]
[EventRounds "5"]
[EventCountry "CAN"]
[SourceTitle "EXT 2019"]
[Source "ChessBase"]
[SourceDate "2018.10.10"]
[SourceVersion "1"]
[SourceVersionDate "2018.10.10"]
[SourceQuality "1"]

1. d4 Nf6 2. c4 e6 3. Nf3 b6 4. g3 Ba6 5. Nbd2 Bb4 6. b3 Bb7 7. Bg2 Bc3 8. Rb1 Be4 9. 0-0 Bxb1 10. Nxb1 Bb4 11. Ne5 d5 12. c5 bxc5 13. a3 Ba5 14. b4 cxb4 15. Qa4+ c6 16. axb4 Bc7 17. Nxc6 Qd7 18. b5 0-0 19. Ba3 Bd6 20. Rc1 Nxc6 21. bxc6 Qc7 22. Qa6 Rfc8 23. Bxd6 Qxd6 24. Na3 Qb4 25. Bf1 Ne4 26. Nb5 Qb2 27. Ra1 h5 28. Ra2 Qc1 29. c7 Nc3 30. Ra1 Qb2 31. Ra5 Nxe2+ 32. Kg2 Nc3 33. Bd3 Nxb5 34. Rxb5 Qc3 35. Rc5 Qxd4 36. Rc6 e5 37. Bf5 Rf8 38. c8Q Raxc8 39. Rxc8 g6 40. Bxg6 Rxc8 41. Qxc8+ Kg7 42. Bxh5 a5 43. Qf5 Qe4+ 44. Qxe4 dxe4 45. Bd1 Kf6 46. Kf1 Kg5 47. h4+ Kh6 48. Ke2 f5 49. Ke3 Kg6 50. Ba4 Kh5 51. Be8+ Kh6 52. Bd7 Kg6 53. h5+ Kg5 54. h6 f4+ 55. gxf4+ exf4+ 56. Kxe4 Kxh6 57. Kxf4 Kg6 58. Ke5 Kf7 59. Ba4 1-0

[Event "Gatineau op-A"]
[Site "Gatineau"]
[Date "2015.03.??"]
[Round "2"]
[White "Sambuev, Bator"]
[Black "Wan, Kevin"]
[Result "1-0"]
[WhiteElo "2662"]
[BlackElo "2254"]
[PlyCount "149"]
[EventDate "2015.03.07"]
[EventType "swiss"]
[EventRounds "5"]
[EventCountry "CAN"]
[SourceTitle "EXT 2016"]
[Source "ChessBase"]
[SourceDate "2015.10.08"]
[SourceVersion "1"]
[SourceVersionDate "2015.10.08"]
[SourceQuality "1"]

1. d4 d5 2. Nf3 Nf6 3. e3 e6 4. Bd3 c5 5. b3 Nc6 6. 0-0 Be7 7. Bb2 0-0 8. Nbd2 b6 9. a3 Bb7 10. Qe2 Rc8 11. Rfd1 a5 12. c4 cxd4 13. exd4 Qc7 14. Ne5 Rfd8 15. Rac1 dxc4 16. Ndxc4 b5 17. Ne3 Qb6 18. Nxc6 Bxc6 19. Nf5 Bf8 20. d5 exf5 21. dxc6 Rxc6 22. Bxf5 Rxc1 23. Rxc1 b4 24. a4 g6 25. Bd3 Bg7 26. Bc4 Qd6 27. g3 Nd5 28. Bxg7 Kxg7 29. Qf3 Nf6 30. Re1 Rd7 31. Qe3 h5 32. Qe5 Qb6 33. h3 Rd2 34. Qf4 Rd7 35. Qg5 Qd8 36. Qc5 Qa8 37. Qe5 Qa7 38. Qe3 Qc7 39. Bb5 Rd6 40. Qf4 Qc5 41. Bc4 Rd7 42. Kg2 Re7 43. Rd1 g5 44. Qd6 Qa7 45. Qd2 Qc5 46. Qb2 Qc6+ 47. Bd5 Qc5 48. Bf3 Qe5 49. Qd4 Qxd4 50. Rxd4 Rc7 51. Be2 Kg6 52. Rd6 Rc5 53. Bxh5+ Kg7 54. Bd1 Ne4 55. Rd4 Nc3 56. Bf3 Kf6 57. Rd7 Ke6 58. Ra7 f6 59. Ra6+ Kf5 60. Bg4+ Kg6 61. Be6 Ne4 62. Kf3 Nd2+ 63. Ke2 Ne4 64. g4 Nc3+ 65. Kd3 Re5 66. f3 Nd1 67. Bf5+ Kf7 68. Kd4 Nc3 69. Be4 Ne2+ 70. Kc4 Nf4 71. Bc6 Ne6 72. Bd5 Rxd5 73. Ra7+ Nc7 74. Rxc7+ Ke6 75. Re7+ 1-0

[Event "Gatineau op-A"]
[Site "Gatineau"]
[Date "2015.03.??"]
[Round "3"]
[White "Wan, Kevin"]
[Black "Doubleday, William G"]
[Result "1-0"]
[WhiteElo "2254"]
[BlackElo "2069"]
[PlyCount "101"]
[EventDate "2015.03.07"]
[EventType "swiss"]
[EventRounds "5"]
[EventCountry "CAN"]
[SourceTitle "EXT 2016"]
[Source "ChessBase"]
[SourceDate "2015.10.08"]
[SourceVersion "1"]
[SourceVersionDate "2015.10.08"]
[SourceQuality "1"]

1. e4 c5 2. Nf3 Nc6 3. d4 cxd4 4. Nxd4 Qb6 5. Nb3 Nf6 6. Nc3 e6 7. Be3 Qc7 8. a3 Be7 9. Qd2 a6 10. Be2 b5 11. f4 d6 12. 0-0 0-0 13. Rfd1 Bb7 14. Bf3 Rac8 15. Qf2 Ba8 16. Nd4 Nd7 17. Qg3 Bf6 18. Nce2 Nc5 19. Nxc6 Bxc6 20. Bxc5 dxc5 21. e5 Be7 22. Rd2 Rfd8 23. Rad1 Rxd2 24. Rxd2 Rd8 25. Rxd8+ Bxd8 26. Bxc6 Qxc6 27. Qd3 Qd5 28. Qxd5 exd5 29. Nc3 d4 30. Nd5 Kf8 31. b4 Ke8 32. Kf2 Kd7 33. Kf3 a5 34. bxc5 Kc6 35. Ke4 Kxc5 36. f5 b4 37. axb4+ axb4 38. Nf4 Kc4 39. Ne2 g6 40. Nxd4 gxf5+ 41. Nxf5 Kc3 42. Ne3 Kd2 43. g4 Bb6 44. Nc4+ Kxc2 45. Nxb6 b3 46. Nc4 Kc3 47. Kd5 h6 48. h4 Kd3 49. g5 hxg5 50. hxg5 Kc3 51. g6 1-0

[Event "Ottawa National Capital op"]
[Site "Ottawa"]
[Date "2014.10.31"]
[Round "1"]
[White "Gelblum, Robert"]
[Black "Wan, Kevin"]
[Result "1/2-1/2"]
[WhiteElo "2229"]
[BlackElo "2006"]
[PlyCount "139"]
[EventDate "2014.10.31"]
[EventType "swiss"]
[EventRounds "5"]
[EventCountry "CAN"]
[SourceTitle "EXT 2022"]
[Source "ChessBase"]
[SourceDate "2021.10.06"]
[SourceVersion "1"]
[SourceVersionDate "2021.10.06"]
[SourceQuality "1"]

1. Nf3 d5 2. d4 Nf6 3. c4 e6 4. Nc3 c6 5. Bg5 Nbd7 6. e3 Qa5 7. Nd2 Bb4 8. Qc2 0-0 9. Be2 e5 10. dxe5 Ne4 11. Ndxe4 dxe4 12. 0-0 Bxc3 13. bxc3 f6 14. Bf4 Nxe5 15. Bg3 Bf5 16. Qb3 b6 17. c5+ Kh8 18. Bxe5 fxe5 19. cxb6 axb6 20. Rfd1 Qc5 21. a4 Ra7 22. Rab1 Rb7 23. Qb4 Qxb4 24. Rxb4 h6 25. a5 b5 26. c4 Ra8 27. Ra1 Bd7 28. cxb5 cxb5 29. a6 Bc6 30. h3 Rb6 31. a7 Rb7 32. Rab1 Raxa7 33. Bxb5 Bd5 34. Be8 Rxb4 35. Rxb4 Rb7 36. Ra4 Rb6 37. h4 Kg8 38. h5 Bf7 39. Bxf7+ Kxf7 40. Rxe4 Kf6 41. Rg4 Rb5 42. Rg6+ Kf7 43. e4 Rb4 44. f3 Rb1+ 45. Kh2 Rb2 46. Kh3 Rb1 47. Kh2 Rb2 48. Ra6 Rc2 49. Kg3 Rb2 50. Kh2 Rc2 51. Kg1 Rc1+ 52. Kf2 Rc2+ 53. Kg3 Rb2 54. Ra1 Kf6 55. Ra6+ Kf7 56. Rg6 Rc2 57. Kh2 Rb2 58. Kg1 Rb1+ 59. Kf2 Rb2+ 60. Ke3 Rb3+ 61. Kd2 Rb1 62. Rc6 Rb2+ 63. Rc2 Rb1 64. Kd3 Kf6 65. Rc6+ Kf7 66. Kc4 Rg1 67. g4 Rd1 68. Rc5 Kf6 69. Rc6+ Kf7 70. Rc7+ 1/2-1/2

[Event "Ottawa RA Fall op"]
[Site "Ottawa"]
[Date "2014.09.20"]
[Round "3"]
[White "Kellar, Ben"]
[Black "Wan, Kevin"]
[Result "0-1"]
[WhiteElo "1940"]
[BlackElo "2006"]
[PlyCount "52"]
[EventDate "2014.09.19"]
[EventType "swiss"]
[EventRounds "5"]
[EventCountry "CAN"]
[SourceTitle "EXT 2022"]
[Source "ChessBase"]
[SourceDate "2021.10.06"]
[SourceVersion "1"]
[SourceVersionDate "2021.10.06"]
[SourceQuality "1"]

1. c4 e6 2. Nf3 Nf6 3. d4 d5 4. Nc3 c6 5. cxd5 exd5 6. Bg5 Be7 7. e3 Bf5 8. Bd3 Bxd3 9. Qxd3 Nbd7 10. 0-0 h6 11. Bh4 0-0 12. Rfe1 Re8 13. Rad1 Qb6 14. Re2 a5 15. Ne1 Qa6 16. f3 Qb6 17. Bf2 Nf8 18. e4 Ng6 19. Qd2 dxe4 20. fxe4 Ng4 21. Bg3 Bg5 22. Qd3 Rad8 23. h3 N6e5 24. Na4 Qb4 25. Qb3 Rxd4 26. hxg4 Qxb3 0-1

[Event "Ottawa RA Fall op"]
[Site "Ottawa"]
[Date "2014.09.20"]
[Round "2"]
[White "Wan, Kevin"]
[Black "Profit, Brian"]
[Result "1/2-1/2"]
[WhiteElo "2215"]
[BlackElo "2029"]
[PlyCount "67"]
[EventDate "2014.09.19"]
[EventType "swiss"]
[EventRounds "5"]
[EventCountry "CAN"]
[SourceTitle "EXT 2022"]
[Source "ChessBase"]
[SourceDate "2021.10.06"]
[SourceVersion "1"]
[SourceVersionDate "2021.10.06"]
[SourceQuality "1"]

1. e4 e6 2. d4 d5 3. Nc3 Bb4 4. e5 c5 5. a3 Bxc3+ 6. bxc3 Qc7 7. Nf3 b6 8. Bb5+ Bd7 9. a4 Bxb5 10. axb5 a5 11. bxa6 Rxa6 12. Rxa6 Nxa6 13. Qe2 Nb8 14. Qb5+ Nd7 15. 0-0 Ne7 16. Bg5 h6 17. Bxe7 Kxe7 18. c4 dxc4 19. Qxc4 Rc8 20. Rd1 cxd4 21. Qxd4 Rd8 22. Qb4+ Nc5 23. Rxd8 Kxd8 24. Qg4 Qd7 25. g3 g6 26. Qh4+ Ke8 27. Qxh6 Qd1+ 28. Kg2 Qxc2 29. Qh8+ Ke7 30. Qh4+ Ke8 31. Qh8+ Ke7 32. Qf6+ Ke8 33. Ng5 Qf5 34. Qh8+ 1/2-1/2

[Event "Montreal op"]
[Site "Montreal"]
[Date "2014.09.07"]
[Round "5"]
[White "Libersan, Thierry"]
[Black "Wan, Kevin"]
[Result "1/2-1/2"]
[WhiteElo "2212"]
[BlackElo "2171"]
[PlyCount "107"]
[EventDate "2014.09.05"]
[EventType "swiss"]
[EventRounds "5"]
[EventCountry "CAN"]
[SourceTitle "EXT 2022"]
[Source "ChessBase"]
[SourceDate "2021.10.06"]
[SourceVersion "1"]
[SourceVersionDate "2021.10.06"]
[SourceQuality "1"]

1. e4 e6 2. d4 d5 3. Nc3 Bb4 4. Nge2 dxe4 5. a3 Be7 6. Nxe4 Nf6 7. Nxf6+ Bxf6 8. Be3 0-0 9. Qd2 c5 10. 0-0-0 cxd4 11. Nxd4 Bd7 12. f4 Qe7 13. g4 e5 14. fxe5 Bxe5 15. h3 Nc6 16. Nf3 Rfd8 17. Qf2 Bg3 18. Qg1 Bd6 19. Bc4 Be6 20. Bxe6 Qxe6 21. Kb1 Re8 22. Rd3 b5 23. Qf2 f6 24. Rhd1 Be5 25. Bc5 a6 26. g5 fxg5 27. Nxg5 Qf6 28. Qg2 h6 29. Qd5+ Kh8 30. Nf7+ Kh7 31. Nxe5 Nxe5 32. Bd4 Rad8 33. Bxe5 Rxd5 34. Bxf6 Rxd3 35. Rxd3 gxf6 36. Rg3 f5 37. Kc1 f4 38. Rg4 Rf8 39. Kd2 h5 40. Rg5 Kh6 41. Rg1 Re8 42. h4 Re5 43. Rf1 Rd5+ 44. Ke2 Rd4 45. Kf3 Kg6 46. Re1 Kf5 47. Re8 Rd2 48. Rc8 Rh2 49. Rc5+ Ke6 50. Rxh5 Rxc2 51. Kxf4 Rxb2 52. Rh6+ Kf7 53. Rxa6 b4 54. axb4 1/2-1/2

[Event "Montreal op"]
[Site "Montreal"]
[Date "2014.09.06"]
[Round "3"]
[White "Gauthier, Denis"]
[Black "Wan, Kevin"]
[Result "0-1"]
[WhiteElo "1922"]
[BlackElo "2171"]
[PlyCount "90"]
[EventDate "2014.09.05"]
[EventType "swiss"]
[EventRounds "5"]
[EventCountry "CAN"]
[SourceTitle "EXT 2022"]
[Source "ChessBase"]
[SourceDate "2021.10.06"]
[SourceVersion "1"]
[SourceVersionDate "2021.10.06"]
[SourceQuality "1"]

1. d4 d5 2. c4 e6 3. Nc3 Nf6 4. cxd5 exd5 5. Bg5 Be7 6. e3 c6 7. Bd3 Nbd7 8. Nge2 0-0 9. 0-0 Re8 10. Qc2 h6 11. Bh4 Nf8 12. a3 Ne6 13. b4 a6 14. Na4 b5 15. Nc5 Nxc5 16. dxc5 a5 17. Nd4 Bd7 18. h3 Ra7 19. Qe2 Qa8 20. Rab1 axb4 21. axb4 Ne4 22. Bxe4 Bxh4 23. Bf5 Bxf5 24. Nxf5 Bf6 25. Qg4 Re4 26. Nxh6+ Kf8 27. Qf5 Bc3 28. Ng4 Rxb4 29. Qh7 Rxb1 30. Rxb1 b4 31. h4 Ra1 32. Kh2 Ke7 33. h5 Rxb1 34. Qxb1 Qb8+ 35. g3 b3 36. h6 gxh6 37. Kg2 Qb4 38. f3 Bg7 39. Qh7 b2 40. Qxg7 b1Q 41. Qf6+ Ke8 42. Qxc6+ Kd8 43. Qxd5+ Kc8 44. Qc6+ Kb8 45. Qe8+ Ka7 0-1

[Event "Montreal op"]
[Site "Montreal"]
[Date "2014.09.06"]
[Round "2"]
[White "Wan, Kevin"]
[Black "Sprumont, Oscar"]
[Result "1-0"]
[WhiteElo "2171"]
[BlackElo "2108"]
[PlyCount "135"]
[EventDate "2014.09.05"]
[EventType "swiss"]
[EventRounds "5"]
[EventCountry "CAN"]
[SourceTitle "EXT 2022"]
[Source "ChessBase"]
[SourceDate "2021.10.06"]
[SourceVersion "1"]
[SourceVersionDate "2021.10.06"]
[SourceQuality "1"]

1. e4 e6 2. d4 d5 3. Nd2 c5 4. exd5 Qxd5 5. Ngf3 cxd4 6. Bc4 Qd6 7. 0-0 Nf6 8. Nb3 Nc6 9. Nbxd4 Nxd4 10. Qxd4 Qxd4 11. Nxd4 Bc5 12. Nb3 Bd6 13. Nd4 0-0 14. a4 Bd7 15. b3 Ng4 16. h3 Ne5 17. Bb5 a6 18. Bxd7 Nxd7 19. Rd1 Be5 20. Ba3 Rfe8 21. Rab1 Nf6 22. Nf3 Bc3 23. Nd4 b5 24. axb5 Bxd4 25. Rxd4 axb5 26. Bd6 Rec8 27. c4 bxc4 28. Rxc4 Nd5 29. Rxc8+ Rxc8 30. b4 Rd8 31. Bc5 Rb8 32. Rb2 Nc3 33. Rb3 Ne4 34. Be3 Rb5 35. Kf1 e5 36. Ke2 Kf8 37. Kd3 Nd6 38. Bc5 Ke7 39. Ra3 Kd7 40. Ra7+ Rb7 41. Ra8 f6 42. Rh8 h6 43. Ra8 Rc7 44. Ra7 Rxa7 45. Bxa7 Kc6 46. Bc5 Nb5 47. Bf8 g6 48. Bxh6 f5 49. Bf8 Kd5 50. Bc5 Nc7 51. Ke3 Ne6 52. Be7 Nf4 53. Kf3 Kc4 54. Bg5 Nd3 55. Bd2 Kb5 56. Kg3 e4 57. f3 e3 58. Bxe3 Kxb4 59. Kh4 Kc4 60. Kg5 Ne1 61. Kxg6 Nxg2 62. Bg5 f4 63. Kf5 Kd3 64. h4 Ke2 65. h5 Kxf3 66. h6 Ne3+ 67. Ke6 Kg4 68. Bxf4 1-0

[Event "Montreal McGill op"]
[Site "Montreal"]
[Date "2014.05.02"]
[Round "1"]
[White "Wan, Kevin"]
[Black "Sambuev, Bator"]
[Result "0-1"]
[WhiteElo "2044"]
[BlackElo "2597"]
[PlyCount "116"]
[EventDate "2014.05.02"]
[EventType "swiss"]
[EventRounds "5"]
[EventCountry "CAN"]
[SourceTitle "EXT 2015"]
[Source "ChessBase"]
[SourceDate "2014.11.20"]
[SourceVersion "1"]
[SourceVersionDate "2014.11.20"]
[SourceQuality "1"]

1. e4 e6 2. d4 d5 3. e5 c5 4. c3 Nc6 5. Nf3 Qb6 6. a3 Nh6 7. b4 cxd4 8. cxd4 Nf5 9. Bb2 Be7 10. Bd3 Bd7 11. Bxf5 exf5 12. Nc3 Be6 13. Qd3 0-0 14. 0-0 Rfc8 15. Rac1 Qd8 16. Nd2 Qd7 17. f4 a5 18. b5 Na7 19. a4 Bb4 20. Nb3 Rc4 21. Nd2 Rcc8 22. Nb3 Qe7 23. Nd2 Rd8 24. Na2 Nc8 25. Nb3 Nb6 26. Nc5 Nc4 27. Nxb4 Nxb2 28. Qe2 Nxa4 29. Nbd3 Nb6 30. Ra1 Nc4 31. Nb2 Rac8 32. b6 Nxb6 33. Rxa5 Nc4 34. Rb5 b6 35. Nca4 Qd7 36. Rb4 Qa7 37. Nxc4 dxc4 38. Nxb6 Rc6 39. Rfb1 Rb8 40. Qf3 Rcxb6 41. Rxb6 Rxb6 42. Rxb6 Qa1+ 43. Kf2 Qxd4+ 44. Qe3 Qd8 45. Rd6 Qh4+ 46. Qg3 Qe7 47. Qa3 h6 48. g3 Kh7 49. Qc5 Qb7 50. Rd2 Qh1 51. Ke3 Qc1 52. Ke2 c3 53. Rd3 Qc2+ 54. Ke3 Qxh2 55. Kf3 c2 56. Rc3 Bd5+ 57. Ke3 Be4 58. Kd4 Qd2+ 0-1

[Event "Mauricie op"]
[Site "Trois Rivieres "]
[Date "2014.03.15"]
[Round "3"]
[White "Boucher, Antoni"]
[Black "Wan, Kevin"]
[Result "0-1"]
[WhiteElo "1903"]
[BlackElo "2016"]
[PlyCount "128"]
[EventDate "2014.03.14"]
[EventType "swiss"]
[EventRounds "5"]
[EventCountry "CAN"]
[SourceTitle "EXT 2015"]
[Source "ChessBase"]
[SourceDate "2014.11.20"]
[SourceVersion "1"]
[SourceVersionDate "2014.11.20"]
[SourceQuality "1"]

1. d4 d5 2. Bg5 g6 3. e3 Bg7 4. Bd3 c5 5. c3 Qb6 6. Qb3 Nd7 7. Qxb6 axb6 8. f4 c4 9. Bc2 Ndf6 10. Ne2 Bf5 11. Bxf5 gxf5 12. Nd2 Ne4 13. Nxe4 fxe4 14. Ng1 f6 15. Bh4 Nh6 16. Ne2 Nf5 17. Bf2 h5 18. Ng3 Nd6 19. Ne2 Kf7 20. Kd2 Nf5 21. Ng3 Nh6 22. Ke2 Kg6 23. Kd2 Ra4 24. Ne2 Rha8 25. a3 e6 26. Nc1 Bf8 27. Ne2 Be7 28. Bh4 Nf5 29. Bf2 Kf7 30. Rhg1 Rg8 31. Ng3 Ng7 32. Ne2 f5 33. Ng3 h4 34. Ne2 Nh5 35. Nc1 Raa8 36. Ne2 Rg7 37. Rab1 Rag8 38. g3 hxg3 39. hxg3 Ra8 40. Ra1 Nf6 41. Rh1 Ng4 42. Raf1 Bf6 43. Kc2 Rgg8 44. Kd2 Rh8 45. Rxh8 Rxh8 46. Bg1 Rh1 47. Rd1 Kg6 48. Re1 Kh5 49. Rd1 Nh6 50. Rc1 Kg4 51. Rd1 Kh3 52. Rc1 Kg2 53. Rd1 Be7 54. Rc1 Ng4 55. Rd1 Nf6 56. Re1 Rh3 57. Rc1 Nh5 58. Rb1 Nxg3 59. Nxg3 Rxg3 60. Ke2 Rf3 61. a4 Bh4 62. b4 Bf2 63. Bxf2 Rxf2+ 64. Ke1 Rf1+ 0-1

[Event "Gatineau op"]
[Site "Gatineau"]
[Date "2014.03.01"]
[Round "3"]
[White "Cummins, Paul"]
[Black "Wan, Kevin"]
[Result "0-1"]
[WhiteElo "1817"]
[BlackElo "2184"]
[PlyCount "84"]
[EventDate "2014.01.28"]
[EventType "swiss"]
[EventRounds "5"]
[EventCountry "CAN"]
[SourceTitle "EXT 2015"]
[Source "ChessBase"]
[SourceDate "2014.11.20"]
[SourceVersion "1"]
[SourceVersionDate "2014.11.20"]
[SourceQuality "1"]

1. e4 e6 2. d4 d5 3. Nd2 Nf6 4. e5 Nfd7 5. Bd3 c5 6. c3 Nc6 7. Ngf3 cxd4 8. cxd4 Qb6 9. 0-0 Nxd4 10. Nxd4 Qxd4 11. Nf3 Qb6 12. Qa4 Qb4 13. Qc2 g6 14. Bd2 Qc5 15. Bc3 Bg7 16. Qa4 a6 17. Rac1 b5 18. Qh4 Qb6 19. Bb4 Bf8 20. Bxf8 Kxf8 21. Qf4 Kg7 22. Ng5 Rf8 23. Be2 h6 24. Nf3 Bb7 25. Rc3 Rac8 26. Rfc1 Rxc3 27. Rxc3 Rc8 28. Rxc8 Bxc8 29. h4 Nc5 30. Nd4 Nd7 31. Qe3 Qc7 32. f4 Qa5 33. Bd3 Qxa2 34. Qg3 Nc5 35. Bxg6 fxg6 36. Qc3 Qc4 37. Qd2 Nb3 38. Nxb3 Qxb3 39. Qf2 Qd1+ 40. Kh2 d4 41. b3 Bb7 42. b4 Qg4 0-1